01990cam a2200265Ii 4500020001800000020001500018020001500033020001800048040000800066082002600074245007200100300002300172490010500195520103400300650001601334650001601350650002601366650002401392700003301416700002801449710004201477856005401519856005501573856009601628 a9783319454245 a3319454242 a3319454226 a9783319454221 cN$T04a149 BUT 1990 C165 Or.00aAcademic scepticism in the development of early modern philosophy / a1 online resource.1 aInternational archives of the history of ideas = Archives internationales d'histoire des id©♭es ; aThis book explores how far some leading philosophers, from Montaigne to Hume, used Academic Scepticism to build their own brand of scepticism or took it as its main sceptical target. The book offers a detailed view of the main modern key figures, including Sanches, Charron, La Mothe Le Vayer, Bacon, Gassendi, Descartes, Malebranche, Pascal, Foucher, Huet, and Bayle. In addition, it provides a comprehensive assessment of the role of Academic Scepticism in Early Modern philosophy and a complete survey of the period. As a whole, the book offers a basis for a new, balanced assessment of the role played by scepticism in both its forms. Since Richard Popkin's works, there has been considerable interest in the role played by Pyrrhonian Scepticism in Early Modern Philosophy. Comparatively, Academic Scepticism was much neglected by scholars, despite some scattered important contributions. Furthermore, a general assessment of the presence of Academic Scepticism in Early Modern Philosophy is lacking. This book fills the void 0aSkepticism. 0aPhilosophy. 0aKnowledge, Theory of. 0aPhilosophy, Modern.1 aSmith, Pl©Ưnio Junqueira,1 aCharles, S©♭bastien,2 aOhio Library and Information Network.40uhttp://rave.ohiolink.edu/ebooks/ebc/978331945424540uhttp://link.springer.com/10.1007/978-3-319-45424-540uhttp://proxy.ohiolink.edu:9099/login?url=http://link.springer.com/10.1007/978-3-319-45424-5